000 00571cam a22002053a 4500
001 38477
003 PGUSA
005 20140828083841.0
008 120103s2012||||xxu|||||s|||||000 | eng d
040 _aPGUSA
_beng
042 _adc
100 1 _aSutphen, Van Tassel,
_d1861-1945
245 1 0 _aIn Jeopardy
_h[electronic resource] /
_cVan Tassel Sutphen
260 _bProject Gutenberg,
_c2012
506 _aPublic domain in the USA.
516 _aElectronic text
830 0 _aProject Gutenberg
_v38477
856 4 0 _uhttp://www.gutenberg.org/ebooks/38477
942 _cEB
999 _c267731
_d267731